000 01231 a2200241 4500
001 40849
005 20260407155703.0
008 260407a2008 arg spa d
003 AR-UNSa-BCEJYS
040 _aAR-UNSa-BCEJYS
_bspa
_cAR-UNSa-BCEJYS
080 _a37.015.3
_xPsicología de la educación
245 1 0 _aEl vínculo profesor-alumno
_puna lectura psicológica
020 _a978-950-786-399-8
250 _a2a. ed.
264 1 _aBuenos Aires :
_bBiblos
_c2008
300 _a125 p.
_c22 cm.
505 _a1. Acerca de los vínculos humanos - 2. Acerca de los vínculos pedagógicos - 3. Acerca de los baluartes narcisistas - 4. Baluartes narcisistas y vínculos pedagógicos (I). Los baluartes narcisistas del docente - 5. Baluartes narcisistas y vínculos pedagógicos (II). Los baluartes narcisistas del alumno - 6. Perfil de los estudiantes en la actualidad - 7. Personalidad y estructuras básicas de personalidad - 8. Personalidad del docente y vínculos pedagógicos - 9. A modo de conclusión
041 _aspa
942 _cBK
590 _aniveau_biblio:m niveau_hierar:0
100 1 _aAllidière, Noemí
856 4 1 _uhttps://biblioeco.unsa.edu.ar/pmb/images/libros/L126312.jpg
_yImagen de portada
_qimage/jpeg
999 _c3321
_d3321